| 000 | 00566nam a22001577a 4500 | ||
|---|---|---|---|
| 008 | 240430b |||||||| |||| 00| 0 eng d | ||
| 020 | _a0520053990 | ||
| 050 | _aHA31.2.C66 1985 | ||
| 100 |
_aConverse Jean M. _952702 |
||
| 245 |
_aSurvey research in the United States; _broots and emergence 1890-1960. _cJean M. Converse. |
||
| 260 |
_aLondon: _bUniversity of California Press _c1986. |
||
| 300 |
_axv; _b564p _c24cm. |
||
| 650 |
_aSampling (social sciences) _vhistory, _952703 |
||
| 650 |
_aUnited States; _vSocial surveys, _xhistory. _952704 |
||
| 942 |
_2lcc _cMONOGRAPH |
||
| 999 |
_c131881 _d131881 |
||